| 000 | 01283nam a22002894c 4500 | ||
|---|---|---|---|
| 003 | AR-BaSMT | ||
| 008 | 240627b2013 enka|||ar|||| 000 1 ing d | ||
| 020 | _a9781409550518 | ||
| 040 |
_aBSGB _bespañol _erda |
||
| 041 | 0 |
_aing _hInglés |
|
| 080 | _a82-34 | ||
| 100 | 1 |
_aPunter, Russell _9475 |
|
| 245 | 1 | 0 | _aCow takes a bow |
| 264 |
_aLondres : _bUsrborne, _c2013 |
||
| 300 |
_a24 páginas ; _bilustraciones color |
||
| 336 |
_2rdacontent _atexto _btxt |
||
| 337 |
_2rdamedia _asin mediación _bn |
||
| 338 |
_2rdacarrier _avolumen _bnc |
||
| 490 | _aUsborne Phonics Readers | ||
| 520 | _aA lively story with humorous illustrations, ideal for children who are beginning to read for themselves, or for reading aloud together. When Brown Cow visits the circus, she puts on a surprise performance. She slips, trips, drops things and loses her hat - but the ringmaster is thrilled! With simple rhyming text and phonic repetition specially designed to develop essential language and early reading skills. Also includes guidance notes for parents at the back of the book. | ||
| 521 | _aJardín / Primaria | ||
| 650 | 7 |
_98 _aLITERATURA INFANTIL _vInglés _xPhonics |
|
| 650 | 7 |
_923 _aCUENTO |
|
| 700 | 1 |
_aBlunt, Fred _eIlustrador _9476 |
|
| 942 |
_2ddc _aBOOK |
||
| 999 |
_c638 _d638 |
||